|
|
|
|
| LEADER |
01464nam a22003137a 4500 |
| 001 |
43865 |
| 003 |
BD-DhAAL |
| 005 |
20250814180904.0 |
| 008 |
241218t2022 bg ||||| |||| 00| 0 eng d |
| 020 |
|
|
|a 9789849535775
|
| 040 |
|
|
|a BD-DhAAL
|c BD-DhAAL
|
| 082 |
|
|
|a 650.11
|2 22
|
| 100 |
|
|
|a বিন্দ্রা, ভিভেক.
|9 57321
|
| 245 |
|
|
|a ইফেক্টিভ প্ল্যানিং অ্যান্ড টাইম ম্যানেজমেন্ট /
|c ভিভেক বিন্দ্রা; ফজলে রাব্বি অনুবাদিত.
|
| 246 |
|
|
|a Effective planning and time management
|
| 250 |
|
|
|a প্রথম সংস্করণ.
|
| 260 |
|
|
|a ঢাকা :
|b সাফল্য প্রকাশনী,
|c ২০২২.
|
| 300 |
|
|
|a ১২৮ পৃষ্ঠা :
|b চিত্র ;
|c ২২ সে.মি.
|
| 541 |
|
|
|a Donated by Shanun Jamali ID (19204015)
|e 43865
|
| 650 |
|
|
|a Time management.
|
| 650 |
|
|
|a Success.
|
| 650 |
|
|
|a Scheduling.
|9 15260
|
| 650 |
|
|
|a Self-help & personal development.
|9 57322
|
| 650 |
|
|
|a planning.
|
| 650 |
|
|
|a Work-life balance.
|9 57323
|
| 700 |
|
|
|a রাব্বি, ফজলে.
|9 17937
|
| 942 |
|
|
|2 ddc
|c BK
|
| 999 |
|
|
|c 47184
|d 47184
|
| 952 |
|
|
|0 0
|1 0
|2 ddc
|4 0
|6 650_110000000000000_VIV
|7 0
|9 77069
|a BRACUL
|b BRACUL
|c GEN
|d 2024-12-18
|e Donated by Shanun Jamali
|g 200.00
|l 3
|m 11
|o 650.11 VIV
|p 3010043865
|r 2026-03-02
|s 2026-01-31
|t 1
|w 2024-12-18
|y BK
|x Donated by Shanun Jamali.
|